| 000 | 01329cam a22003614a 4500 | ||
|---|---|---|---|
| 001 | 34263 | ||
| 005 | 20230410115425.0 | ||
| 008 | 060309s2006 nyu 001 0 eng | ||
| 035 | _a14294065 | ||
| 925 | 0 |
_aacquire _b2 shelf copies _xpolicy default |
|
| 942 |
_2lcc _cbk |
||
| 010 | _a2006040295 | ||
| 020 | _a031235522X | ||
| 020 | _a9780312355227 | ||
| 035 | _a(OCoLC)ocm65205082 | ||
| 040 |
_aDLC _cDLC _dBAKER _dOCO _dC#P _dDLC |
||
| 042 | _apcc | ||
| 043 | _an-us--- | ||
| 050 | 1 | 4 |
_aHD 5724 _bD695t 2006 |
| 082 | 0 | 0 |
_a382/.30973 _222 |
| 100 | 1 | _aDorgan, Byron L. | |
| 245 | 1 | 0 |
_aTake this job and ship it : _bhow corporate greed and brain-dead politics are selling out America / _cByron L. Dorgan. |
| 250 | _a1st ed. | ||
| 260 |
_aNew York : _bThomas Dunne Books/St. Martin's Press, _c2006. |
||
| 300 |
_aviii, 277 p. ; _c25 cm. |
||
| 500 | _aIncludes index. | ||
| 650 | 0 |
_aLabor supply _zUnited States. |
|
| 650 | 0 |
_aContracting out _zUnited States. |
|
| 651 | 0 |
_aUnited States _xCommercial policy. |
|
| 856 | 4 | 2 |
_3Contributor biographical information _uhttp://www.loc.gov/catdir/enhancements/fy0665/2006040295-b.html |
| 856 | 4 | 2 |
_3Publisher description _uhttp://www.loc.gov/catdir/enhancements/fy0665/2006040295-d.html |
| 856 | 4 | 1 |
_3Sample text _uhttp://www.loc.gov/catdir/enhancements/fy0703/2006040295-s.html |
| 999 |
_c40875 _d40875 |
||